000 00650nam a22002537a 4500
003 CHAP
005 20220329134644.0
008 971013s1871 r 00010 d
010 _a23684
011 _a24656
035 _a28755
040 _cCHAP
082 _a635.9
_bD8
100 0 0 _aDuvillers, F.
_934776
245 _aLes pares et jardins
260 _aParis :
_b(s.e.),
_c1871
300 _a(s.p.)
590 _aBATCH-UPD
_b10
_c20130110
_lUCH01
_h2237
590 _aCONVERSION
_b10
_c20130109
_lUCH01
_h1314
650 1 4 _aJardines
_xFrancia.
_961151
901 _aBK
942 _cLIBRO
949 _a635.9 D8
_bBC
_cBPA
_d-66298
_eBPA
_i28755
_si
999 _c23684
_d23684